000 00542nam a2200145 a 4500
001 000030329
005 20200930060233.0
008 110510s1956 dr 000 0 spa d
040 _aDO-SdBNP
_bspa
_cBNPHU
082 _axx
_bH765p
245 0 0 _aHomenaje del Poder Judicial de la República al padre de la patria nueva Generalísimo Doctor Rafael Leonidas Trujillo Molina en ocasión del Año del Benefactor de la Patria.
260 _aCiudad Trujillo. República Dominicana :
_bMontalvo,
_c1956.
300 _a12 p. ;
_c24 cm.
049 _aBNPD
999 _c29821
_d29821